Diagnostika vybraných aktivít spoločenskej zodpovednosti podnikov
Vzájomná prepojenosť podnikovej diagnostiky a spoločenskej zodpovednosti podnikov ako kontinuálneho záväzku správať sa eticky. Prospech zavedenia aktivít zodpovedného podnikania, ktorý dokazuje že firmy, ktoré zaviedli tieto aktivity dosiahli priaznivejšie výsledky v ukazovateľoch ekonomickej a trho...
Guardado en:
| Autor principal: | |
|---|---|
| Formato: | Capítulo de libro |
| Lenguaje: | eslovaco |
| Materias: | |
| Etiquetas: |
Sin Etiquetas, Sea el primero en etiquetar este registro!
|
MARC
| LEADER | 00000naa$a2200000$$$4500 | ||
|---|---|---|---|
| 001 | 0144488 | ||
| 005 | 20240502072606.2 | ||
| 041 | 0 | |a slo | |
| 044 | |a SK | ||
| 245 | 1 | 0 | |a Diagnostika vybraných aktivít spoločenskej zodpovednosti podnikov |c Anna Neumannová |
| 520 | |a Vzájomná prepojenosť podnikovej diagnostiky a spoločenskej zodpovednosti podnikov ako kontinuálneho záväzku správať sa eticky. Prospech zavedenia aktivít zodpovedného podnikania, ktorý dokazuje že firmy, ktoré zaviedli tieto aktivity dosiahli priaznivejšie výsledky v ukazovateľoch ekonomickej a trhovej pridanej hodnoty. | ||
| 610 | 2 | 0 | |a podnik |
| 610 | 2 | 0 | |a procesy podnikové |
| 610 | 2 | 0 | |a stratégia podnikateľská |
| 610 | 2 | 0 | |a aktivita hospodárska |
| 610 | 2 | 0 | |a podnikanie zodpovedné |
| 610 | 2 | 0 | |a rozvoj trvalo udržateľný |
| 610 | 2 | 0 | |a ukazovatele ekonomické |
| 610 | 2 | 0 | |a hodnota pridaná |
| 610 | 2 | 0 | |a etika podnikateľská |
| 100 | 1 | |a Neumannová, Anna | |